Seminar Teknologi Ukur Termaju-Pemetaan Berdigit dan GIS (11-13 Februari 1992:Kuala Lumpur)
| Format: | Book |
|---|
MARC
| LEADER | 00000cam a2200000 7i4500 | ||
|---|---|---|---|
| 001 | 0000006521 | ||
| 005 | 20000208.0 | ||
| 040 | |a INS | ||
| 090 | 0 | 0 | |a S137 |
| 245 | 0 | 0 | |a Seminar Teknologi Ukur Termaju-Pemetaan Berdigit dan GIS (11-13 Februari 1992:Kuala Lumpur) |
| 999 | |a S000000233 |b BOOK |c Seminar |e Default branch | ||
| 999 | |a S000000528 |b BOOK |c Poster |e Default branch | ||